Koleksi berbalas pantun merakam zaman

Bibliographic Details
Main Author: Abd. Halim "R"
Corporate Author: Jabatan Kebudayaan dan Kesetiaan Negara
Format: Book
Published: KL : JKKN , 2011
Subjects:

MARC

LEADER 00000cam a2200000 7i4500
001 0000035098
005 20130121.0
008 130121
020 |a 9675552151 
090 0 0 |a 899.231   |b ABD 
100 0 |a Abd. Halim "R" 
245 1 0 |a Koleksi berbalas pantun merakam zaman   |c Abd. Halim "R" 
260 |a KL :   |b JKKN ,   |c 2011 
650 0 |a Malay poetry 
650 0 |a Pontaums 
710 0 |a Jabatan Kebudayaan dan Kesetiaan Negara 
999 |a 0001206779   |b Book   |c Adult Collection   |e Perbadanan Perpustakaan Awam Johor 
999 |a 0001206780   |b Book   |c Adult Collection   |e Perbadanan Perpustakaan Awam Johor 
999 |a 0001260443   |b Book   |c Adult Collection   |e Cawangan Bandar Tenggara 
999 |a 0001260445   |b Book   |c Adult Collection   |e Cawangan Pontian 
999 |a 0001260446   |b Book   |c Adult Collection   |e Cawangan Tangkak 
999 |a 0001260447   |b Book   |c Adult Collection   |e Cawangan Mersing 
999 |a 0001260448   |b Book   |c Adult Collection   |e Cawangan Bukit Gambir 
999 |a 0001260450   |b Book   |c Adult Collection   |e Cawangan Segamat 
999 |a 0001260451   |b Book   |c Adult Collection   |e Cawangan Taman Sri Lambak 
999 |a 0001260453   |b Book   |c Adult Collection   |e Cawangan Tmn. Ungku Tun Aminah 
999 |a 0001260455   |b Book   |c Adult Collection   |e Cawangan Bandar Penawar 
999 |a 0001261767   |b Book   |c Adult Collection   |e Perbadanan Perpustakaan Awam Johor